Eastern Utah Libraries Catalog: Duchesne, Heber, Roosevelt, & Vernal

Down river / (Record no. 51162)

MARC details
000 -LEADER
fixed length control field 02269cam a2200397 a 4500
001 - CONTROL NUMBER
control field 134993052
003 - CONTROL NUMBER IDENTIFIER
control field OCoLC
005 - DATE AND TIME OF LATEST TRANSACTION
control field 20241220121404.0
008 - FIXED-LENGTH DATA ELEMENTS--GENERAL INFORMATION
fixed length control field 070522s2007 nyu 000 1 eng
010 ## - LIBRARY OF CONGRESS CONTROL NUMBER
LC control number 2007021540
020 ## - INTERNATIONAL STANDARD BOOK NUMBER
International Standard Book Number 9780312359317
020 ## - INTERNATIONAL STANDARD BOOK NUMBER
International Standard Book Number 0312359314
035 ## - SYSTEM CONTROL NUMBER
System control number (OCoLC)134993052
040 ## - CATALOGING SOURCE
Original cataloging agency DLC
Transcribing agency DLC
Modifying agency BAKER
-- BTCTA
-- WIQ
-- C#P
-- YDXCP
-- VP@
-- OCLCG
-- MAC
-- OrLoB-B
Description conventions rda
043 ## - GEOGRAPHIC AREA CODE
Geographic area code n-us-nc
050 00 - LIBRARY OF CONGRESS CALL NUMBER
Classification number PS3608.A78575
Item number D68 2007
092 ## - LOCALLY ASSIGNED DEWEY CALL NUMBER (OCLC)
Classification number HART
100 1# - MAIN ENTRY--PERSONAL NAME
Personal name Hart, John,
Dates associated with a name 1965-
9 (RLIN) 55585
245 10 - TITLE STATEMENT
Title Down river /
Statement of responsibility, etc John Hart.
250 ## - EDITION STATEMENT
Edition statement 1st ed.
260 ## - PUBLICATION, DISTRIBUTION, ETC. (IMPRINT)
Place of publication, distribution, etc New York :
Name of publisher, distributor, etc Thomas Dunne Books/St. Martin's Minotaur,
Date of publication, distribution, etc 2007.
264 ## - Production, Publication, Distribution, Manufacture, and Copyright Notice.
Place of production, publication, distribution, manufacture New York :
Name of producer, publisher, distributor, manufacturer Thomas Dunne Books/St. Martin's Minotaur,
Date of production, publication, distribution, manufacture, or copyr 2007.
300 ## - PHYSICAL DESCRIPTION
Extent ix, 325 pages ;
Dimensions 25 cm.
336 ## - Content Type
Content type term text
337 ## - Media type
Media type term unmediated
338 ## - Carrier type
Carrier type term volume
520 1# - SUMMARY, ETC.
Summary, etc "Adam Chase has a violent streak, and not without reason. As a boy in Rowan County, he saw things that no child should see, suffered wounds that cut to the core and scarred him. The trauma left him passionate and misunderstood - a fighter. After being narrowly acquitted of a murder charge, Adam is hounded out of the only home he's ever known, exiled for a sin he did not commit. For five long years he disappears, fading into the faceless gray of New York City. Now he's back and nobody knows why - not his family or the cops, not the enemies he left behind. But Adam has his reasons." "Within hours of his return, he is accosted and beaten, confronted by his and the woman he still holds dear. No one knows what to make of Adam's return, but when bodies start turning up, the small town rises against him, and Adam again finds himself embroiled in the fight of his life - not just to prove his own innocence, but to reclaim the only life he's ever wanted."--BOOK JACKET.
586 ## - AWARDS NOTE
Awards note Edgar Allan Poe Award for Best Novel, 2008.
650 #0 - SUBJECT ADDED ENTRY--TOPICAL TERM
Topical term or geographic name as entry element Families
Form subdivision Fiction.
9 (RLIN) 5674501
650 #0 - SUBJECT ADDED ENTRY--TOPICAL TERM
Topical term or geographic name as entry element Fathers and sons
Form subdivision Fiction.
9 (RLIN) 5673789
650 #0 - SUBJECT ADDED ENTRY--TOPICAL TERM
Topical term or geographic name as entry element Cities and towns
Geographic subdivision Southern States
Form subdivision Fiction.
9 (RLIN) 6405089
651 #0 - SUBJECT ADDED ENTRY--GEOGRAPHIC NAME
Geographic name North Carolina
Form subdivision Fiction.
9 (RLIN) 5673812
655 #7 - INDEX TERM--GENRE/FORM
Genre/form data or focus term Detective and mystery fiction.
Source of term lcgft
9 (RLIN) 5683641
907 ## - LOCAL DATA ELEMENT G, LDG (RLIN)
a .b281992782
942 ## - ADDED ENTRY ELEMENTS (KOHA)
Source of classification or shelving scheme Dewey Decimal Classification
Koha item type BOOK
Holdings
Withdrawn status Lost status Source of classification or shelving scheme Damaged status Not for loan Collection code Home library Current library Shelving location Date acquired Source of acquisition Cost, normal purchase price Total Checkouts Total Renewals Full call number Barcode Date last seen Date checked out Cost, replacement price Price effective from Koha item type
    Dewey Decimal Classification     Fiction Wasatch County Library Wasatch County Library First Floor 07/02/2009 Donation 24.95 17 2 F Hart 34301000864290 02/29/2024 08/09/2022 24.95 03/20/2020 BOOK
This project was made possible through a grant from the Institute of Museum and Library Service administered by the Utah State Library Division.

Wasatch County Library

  • 465 East 1200 South, Heber City, Utah 84032
  • Phone 435-654-1511 | Fax 435-654-6456

Hours

  • Monday - Friday 9:30 AM - 8:00 PM
  • Saturday 9:30 AM - 1:30 PM
  • Closed Sundays and Holidays